000 00297nam a22001337a 4500
008 171030b xxu||||| |||| 00| 0 eng d
020 _a9780071739948
041 _aeng
080 _a33
100 _a58
101 _aBUS
245 _aPRESENT YOUR WAY TO THE TOP
_cDEMPSEY,D.J
942 _2udc
_cBK
999 _c36481
_d36481